Taylor Swift Reputation - Sudden Death - Statistics

General Stats
  • This quiz has been taken 198 times
  • The average score is 11 of 15
Answers on the Grid
Answers color-coded by a green-red scale on the quiz's grid according to % correct below.
End Game
Bonnie & Clyde
Reputation
Don't Blame Me
Phantom
New Year's Day
Gorgeous
Poison Ivy
King Of My Heart
Burning The Witches
Dress
The End Of All Endings
Old Fashioned
Getaway Car
Run
...Ready For It?
I Did Something Bad
So It Goes...
Rising From The Dead
Call It What You Want
Inescapable
This Is Why We Can't Have Nice Things
Better Than Revenge
Dancing With Our Hands Tied
thanK you aIMee
Look What You Made Me Do
Karma
Cassandra
Hostage To My Feelings
Delicate
 
Answer Stats
Answer % Correct
End Game
96%
Getaway Car
76%
I Did Something Bad
74%
New Year's Day
74%
...Ready For It?
74%
Look What You Made Me Do
73%
Don't Blame Me
72%
King Of My Heart
72%
Delicate
71%
Gorgeous
71%
So It Goes...
71%
Dress
69%
This Is Why We Can't Have Nice Things
69%
Call It What You Want
66%
Dancing With Our Hands Tied
65%
No matching quizzes found
Score Distribution
Percent of People with Each Score
Percentile by Number Answered
Your Score History
You have not taken this quiz